000 01252nam a22003374a 4500
001 ebr5007864
003 CaPaEBR
006 m u
007 cr cn|||||||||
008 000809s2001 enk sb 001 0 eng
010 _z 00063044
020 _z0521800951 (hardback)
020 _z0521805007 (pbk.)
040 _aCaPaEBR
_cCaPaEBR
035 _a(OCoLC)559215717
050 1 4 _aHD9696.8.A2
_bS55 2001eb
082 0 4 _a303.48/33
_221
100 1 _aShy, Oz.
245 1 4 _aThe economics of network industries
_h[electronic resource] /
_cOz Shy.
260 _aCambridge, U.K.
_aNew York :
_bCambridge University Press,
_c2001.
300 _axiii, 315 p.
504 _aIncludes bibliographical references and index.
533 _aElectronic reproduction.
_bPalo Alto, Calif. :
_cebrary,
_d2013.
_nAvailable via World Wide Web.
_nAccess may be limited to ebrary affiliated libraries.
650 0 _aComputer industry.
650 0 _aComputer networks.
650 0 _aElectronic data interchange.
650 0 _aElectronic commerce.
655 7 _aElectronic books.
_2local
710 2 _aebrary, Inc.
856 4 0 _uhttp://site.ebrary.com/lib/rucke/Doc?id=5007864
_zAn electronic book accessible through the World Wide Web; click to view
999 _c20048
_d20048